Premier league top goalscorers 1993 - 2010 Quiz Stats

 Plays Quiz not verified by Sporcle

Also try: IPL Cricket Teams
Challenge
Share
Tweet
Embed
Score 0/18 Timer 07:00
0 Plays Today
Year Player % Correct
2010Didier Drogba
92.1%
2002Thierry Henry
90.5%
2004Thierry Henry
90.5%
2005Thierry Henry
90.5%
2006Thierry Henry
90.5%
2007Didier Drogba
88.9%
1995Alan Shearer
85.7%
1996Alan Shearer
85.7%
1997Alan Shearer
85.7%
Year Player % Correct
2008Cristiano Ronaldo
85.7%
1999Jimmy Hasselbaink, Michael Owen, Dwight Yorke
82.5%
2009Nicolas Anelka
82.5%
2003Ruud Van Nistelrooy
81%
1998Dion Dublin, Michael Owen, Chris Sutton
79.4%
2000Kevin Phillips
79.4%
2001Jimmy Hasselbaink
66.7%
1993Teddy Sheringham
63.5%
1994Andy Cole
63.5%

You're not logged in!

Compare scores with friends on all Sporcle quizzes.
OR
Log In

You Might Also Like...

Show Comments

Extras

Created Mar 28, 2011ReportNominate
Tags:Premier League Quiz

Top Quizzes Today


Score Distribution

Your Account Isn't Verified!

In order to create a playlist on Sporcle, you need to verify the email address you used during registration. Go to your Sporcle Settings to finish the process.

Report this User

Report this user for behavior that violates our Community Guidelines.

Details: